[Event "CAN-ch U12 Girls"]
[Site "Quebec"]
[Date "2008.07.15"]
[Round "4"]
[White "Kieu, Audree Anne"]
[Black "Kalaydina, Regina Veronicka"]
[Result "0-1"]
[WhiteElo "1258"]
[BlackElo "1509"]
[PlyCount "66"]
[EventDate "2008.07.14"]
[EventType "swiss"]
[EventRounds "6"]
[EventCountry "CAN"]
[SourceTitle "EXT 2011"]
[Source "ChessBase"]
[SourceDate "2010.11.26"]
[SourceVersion "1"]
[SourceVersionDate "2010.11.26"]
[SourceQuality "1"]

1. e4 d5 2. exd5 Qxd5 3. Nc3 Qa5 4. Nf3 Nf6 5. d4 Bf5 6. Be2 e6 7. 0-0 Be7 8. Bf4 0-0 9. Nb5 Na6 10. c4 c6 11. Nd6 Bxd6 12. Bxd6 Rfd8 13. Be5 Nd7 14. Bf4 c5 15. Qd2 Qb6 16. Rfd1 Nf6 17. Be5 Ng4 18. d5 Nxe5 19. Nxe5 Qd6 20. Qc3 Qe7 21. dxe6 Qxe6 22. Rxd8+ Rxd8 23. Rd1 Re8 24. Rd5 f6 25. f4 fxe5 26. Rxe5 Qd7 27. Rd5 Qf7 28. Qd2 Be4 29. Rd7 Qg6 30. g3 Bc6 31. Rd6 Qe4 32. Bf1 Qh1+ 33. Kf2 Qxh2+ 0-1